Complete the Beaverton Headline: 2016 Quiz Stats

 Plays Quiz not verified by Sporcle

Challenge
Share
Tweet
Embed
Score 0/30 Timer 06:00
0 Plays Today
% Correct
Love
89.4%
Bronze
89.4%
Protect
88.9%
CIA
87.2%
Interest
85.1%
Vaping
85.1%
Electoral
85.1%
Ratings
85.1%
Anticipated
85.1%
Petty
85.1%
Aunt
85.1%
Budget
85.1%
Misery
83%
Brain
83%
Bike
83%
% Correct
Basement
83%
Encore
83%
Tailspin
82.2%
College
80.9%
Cut-off
80.9%
Tattoo
80.9%
Sidewalks
77.8%
Math
76.6%
Pyramid
76.6%
Sigh
75.6%
Hummus
74.5%
Soldiers
74.5%
Vine
63.8%
Spittoon
63.8%
Vastness
51.1%

You're not logged in!

Compare scores with friends on all Sporcle quizzes.
Join for Free
OR
Log In

You Might Also Like...

Show Comments

Extras

Top Quizzes Today


Score Distribution

Your Account Isn't Verified!

In order to create a playlist on Sporcle, you need to verify the email address you used during registration. Go to your Sporcle Settings to finish the process.

Report this User

Report this user for behavior that violates our Community Guidelines.

Details: